Crime in mind: (Record no. 565)

000 -LEADER
fixed length control field 00619nam a2200205 a 4500
001 - CONTROL NUMBER
control field 565
003 - CONTROL NUMBER IDENTIFIER
control field BD-DhUET
008 - FIXED-LENGTH DATA ELEMENTS--GENERAL INFORMATION
fixed length control field 020925s2003 nyu b 001 0 eng
020 ## - INTERNATIONAL STANDARD BOOK NUMBER
International Standard Book Number 0195150740
040 ## - CATALOGING SOURCE
Original cataloging agency DLC
Transcribing agency DLC
Modifying agency BD-DhUET
082 00 - DEWEY DECIMAL CLASSIFICATION NUMBER
Classification number 823.809356
Item number ROD/2003
100 ## - MAIN ENTRY--PERSONAL NAME
Personal name Rodensky , Lisa
245 14 - TITLE STATEMENT
Title Crime in mind:
Statement of responsibility, etc. by Lisa Rodensky .
Remainder of title criminal responsibility and the victorian novel /
250 ## - EDITION STATEMENT
Edition statement 1st
260 ## - PUBLICATION, DISTRIBUTION, ETC. (IMPRINT)
Place of publication, distribution, etc. New York :
Name of publisher, distributor, etc. Oxford University Press,
Date of publication, distribution, etc. 2003.
300 ## - PHYSICAL DESCRIPTION
Extent viii,275p. :
Dimensions 25 cm.
504 ## - BIBLIOGRAPHY, ETC. NOTE
Bibliography, etc Includes bibliographies
650 #0 - SUBJECT ADDED ENTRY--TOPICAL TERM
Topical term or geographic name as entry element English fiction-19th century-History and criticism
942 ## - ADDED ENTRY ELEMENTS (KOHA)
Koha item type General Book
Holdings
Copy number Withdrawn status Price effective from Koha issues (times borrowed) Location (home branch) Piece designation (barcode) Koha normalized classification for sorting Koha date last borrowed Koha full call number Koha item type Sublocation or collection (holding branch) Koha out on loan Damaged status Not for loan Date acquired Shelving location Source of classification or shelving scheme Lost status Koha date last seen
1 2014-08-111Central Library, BUET109283823_000000000000000_809356ROD22021-12-04823.809356/ROD/2003General BookCentral Library, BUET2022-12-04  2014-08-11Circulation section  2021-12-04
2 2014-08-11 Central Library, BUET109284823_000000000000000_809356ROD2 823.809356/ROD/2003General BookCentral Library, BUET   2014-08-11Circulation section  2017-02-08